Score 0/25 Timer 03:00
0 Plays Today
Song Title Answer % Correct
It's Now or _____Never
92.5%
_____ Me TenderLove
92.5%
Can't Help _____ in LoveFalling
91.9%
Are You Lonesome _____?Tonight
88.2%
_____ Las VegasViva
88.1%
Suspicious _____Minds
86.9%
_____ on My MindAlways
86.9%
(You're the) _____ in DisguiseDevil
86.8%
_____ to SenderReturn
86.5%
_____ HotelHeartbreak
86.5%
_____ RockJailhouse
85.5%
All _____ UpShook
80.4%
The Meanest _____ in TownGirl
79.9%
Song Title Answer % Correct
_____ CreoleKing
70.6%
Kiss Me _____Quick
67.8%
A Little Less _____Conversation
64.4%
I'm _____Yours
63.3%
Signs of the _____Zodiac
62.7%
_____ It's Time for You to GoUntil
58.2%
_____ NightOne
45%
The _____ of YouWonder
38.9%
_____ LoveBurning
38.7%
_____ LandPromised
36.1%
It's _____ for YouEasy
32.6%
It's _____Impossible
14.4%

Today's Daily Dose

Remove Ads.
Support Sporcle.
Get the best of Sporcle when you Go Orange. This ad-free experience offers more features, more stats, and more fun while also helping to support Sporcle. Thank you for becoming a member.

You're not logged in!

Compare scores with friends on all Sporcle quizzes.
OR
Log In

Show Comments

Extras

Top Quizzes Today


Score Distribution

Your Account Isn't Verified!

In order to create a playlist on Sporcle, you need to verify the email address you used during registration. Go to your Sporcle Settings to finish the process.

Report this User

Report this user for behavior that violates our Community Guidelines.

Details: